Đất nước việt nam qua các đời : Nghiên cứu địa lý học lịch sử Việt Nam
Công trình Đất nước Việt Nam qua các đời tập trung nghiên cứu địa lý hành chính để nhận định cương vực của nước Việt Nam và vị trí các khu vực hành chính trải qua các đời, từ thời Văn Lang, Âu Lạc, qua thời kì Bắc thuộc, trải đến thơ...
保存先:
| 第一著者: | |
|---|---|
| フォーマット: | 図書 |
| 言語: | Undetermined |
| 出版事項: |
Hà Nội
Hồng Đức
2016
|
| 主題: | |
| タグ: |
タグ追加
タグなし, このレコードへの初めてのタグを付けませんか!
|
| Thư viện lưu trữ: | Trung tâm Học liệu Trường Đại học Cần Thơ |
|---|
| LEADER | 01116nam a2200229Ia 4500 | ||
|---|---|---|---|
| 001 | CTU_220778 | ||
| 008 | 210402s9999 xx 000 0 und d | ||
| 020 | |c 90000 | ||
| 082 | |a 959.7 | ||
| 082 | |b A107 | ||
| 100 | |a Đào, Duy Anh | ||
| 245 | 0 | |a Đất nước việt nam qua các đời : | |
| 245 | 0 | |b Nghiên cứu địa lý học lịch sử Việt Nam | |
| 245 | 0 | |c Đào Duy Anh | |
| 260 | |a Hà Nội | ||
| 260 | |b Hồng Đức | ||
| 260 | |c 2016 | ||
| 520 | |a Công trình Đất nước Việt Nam qua các đời tập trung nghiên cứu địa lý hành chính để nhận định cương vực của nước Việt Nam và vị trí các khu vực hành chính trải qua các đời, từ thời Văn Lang, Âu Lạc, qua thời kì Bắc thuộc, trải đến thời tự chủ và cho đến thời nhà Nguyễn. | ||
| 650 | |a Việt Nam,Vietnam | ||
| 650 | |x Lịch sử,History | ||
| 904 | |i Ngô Hoàng Anh Khoa,Hải | ||
| 980 | |a Trung tâm Học liệu Trường Đại học Cần Thơ | ||